| 000 | 00833nam a2200217 a 4500 | ||
|---|---|---|---|
| 003 | 0 | ||
| 005 | 20250513142637.0 | ||
| 008 | 021108s19uu xx 00 eng d | ||
| 050 |
_aPGS HV 5733 _b.G562 2002 |
||
| 100 | _aGloria, Althea Seline Alejandre. | ||
| 245 |
_aEffects of smoking on selected Grade 5 and 6 students with family members who smoke / _cAlthea Seline Alejandre Gloria. |
||
| 260 |
_aLas PiƱas City, Philippines : _bSouthville International School and Colleges, _c2002. |
||
| 300 |
_a23 pages : _billustrations ; _c28 cm. |
||
| 504 | _aIncludes bibliographical references. | ||
| 650 |
_aSmoking _vHealth aspects. |
||
| 650 |
_aPassive smoking _vHealth aspects. |
||
| 650 |
_aFamily _vHealth aspects. |
||
| 650 |
_aChildren _vEffect of environment on. |
||
| 650 |
_aSmoking _vSocial aspects. |
||
| 942 |
_2lcc _cPASS |
||
| 999 |
_c96623 _d96623 |
||